Statistiques concernant Focus sur: Beleg - Tolkien

Cliquez ici pour prendre le quiz!

Statistiques générales

  • Ce quiz a été pris 7 fois
  • Le résultat moyen est 8 sur 11

Statistiques - réponses

Informations recherchéesRéponses% Correct
RoyaumeDoriath
100%
EspèceElfe
100%
Première apparitionLe Silmarillion
100%
Age durant lequel il vécutPremier
100%
Couleur des cheveux"Sombre"
100%
ProfessionChef des gardes de Thingol
86%
Groupe de l'espèceSindar
86%
Autre nomCúthalion
43%
Nom de l'arme (épée)Anglachel
29%
Demeure (temporaire)Bar-en-Danwedh (maison de Mîm)
14%
Nom de l'arme (arc)Belthronding
0%

Distribution des résultats

Percentile par nombre de réponses

% des personnes avec chaque résultat

Votre développement - résultats

Vous n’avez pas pris ce quiz